Normal view
MARC view
- Quantitative Techniques
Entry Topical Term
001 - CONTROL NUMBER
- control field: 76195
003 - CONTROL NUMBER IDENTIFIER
- control field: OSt
005 - DATE AND TIME OF LATEST TRANSACTION
- control field: 20220806113052.0
008 - FIXED-LENGTH DATA ELEMENTS
- fixed length control field: 220806|| aca||aabn | a|a d
040 ## - CATALOGING SOURCE
- Original cataloging agency: OSt
- Transcribing agency: OSt
150 ## - HEADING--TOPICAL TERM
- Topical term or geographic name entry element: Quantitative Techniques
670 ## - SOURCE DATA FOUND
- Source citation: Work cat.: (OSt)42326: Tatke, J. V. 76194, Quantitative Techniques, 2012